000 00506nam a22001817a 4500
003 OSt
008 251219b |||||||| |||| 00| 0 eng d
082 _a631.53
_bR15V
100 _aRakesh Kumar
245 _aVariability and Correlation Studies in Some Local Collections of Finger Millet (Eleusine coracana Gaertn)
260 _a.- Pusa, Samastipur
_b: RAU
_c, 1995
300 _a58p.
650 _aPlant Breeding
650 _aFinger Millet
650 _aThesis
650 _aM. Sc.
942 _2ddc
_cT
999 _c49520
_d49520